Sborník konference didaktiky přírodních věd DidSci+ 2021.

Bibliographic Details
Main Author: Švandová, Veronika.
Other Authors: Literák, Jaromír., Pelánková, Barbora., Bartoňová, Markéta., Kričfaluši, Dana., Břížďala, Jan., Urválková, Eva., Ganajová, Mária., Sotáková, Ivana., Šoltysová, Dominika.
Format: eBook
Language:Czech
Published: Brno : Masaryk University, 2021.
Edition:1st ed.
Subjects:
Online Access:Click to View
LEADER 01753nam a22004453i 4500
001 EBC7192518
003 MiAaPQ
005 20231204023228.0
006 m o d |
007 cr cnu||||||||
008 231204s2021 xx o ||||0 cze d
020 |a 9788021098763  |q (electronic bk.) 
035 |a (MiAaPQ)EBC7192518 
035 |a (Au-PeEL)EBL7192518 
035 |a (OCoLC)1370498969 
040 |a MiAaPQ  |b eng  |e rda  |e pn  |c MiAaPQ  |d MiAaPQ 
100 1 |a Švandová, Veronika. 
245 1 0 |a Sborník konference didaktiky přírodních věd DidSci+ 2021. 
250 |a 1st ed. 
264 1 |a Brno :  |b Masaryk University,  |c 2021. 
264 4 |c {copy}2021. 
300 |a 1 online resource (134 pages) 
336 |a text  |b txt  |2 rdacontent 
337 |a computer  |b c  |2 rdamedia 
338 |a online resource  |b cr  |2 rdacarrier 
588 |a Description based on publisher supplied metadata and other sources. 
590 |a Electronic reproduction. Ann Arbor, Michigan : ProQuest Ebook Central, 2023. Available via World Wide Web. Access may be limited to ProQuest Ebook Central affiliated libraries.  
655 4 |a Electronic books. 
700 1 |a Literák, Jaromír. 
700 1 |a Pelánková, Barbora. 
700 1 |a Bartoňová, Markéta. 
700 1 |a Kričfaluši, Dana. 
700 1 |a Břížďala, Jan. 
700 1 |a Urválková, Eva. 
700 1 |a Ganajová, Mária. 
700 1 |a Sotáková, Ivana. 
700 1 |a Šoltysová, Dominika. 
776 0 8 |i Print version:  |a Švandová, Veronika  |t Sborník konference didaktiky přírodních věd DidSci+ 2021  |d Brno : Masaryk University,c2021 
797 2 |a ProQuest (Firm) 
856 4 0 |u https://ebookcentral.proquest.com/lib/matrademy/detail.action?docID=7192518  |z Click to View